[Event "World Youth U-16 Olympiad 2018"]
[Site "Konya"]
[Date "2018.12.02"]
[Round "9"]
[White "Pogosyan, Stefan"]
[Black "Barseghyan, Armen Ar."]
[Result "1/2-1/2"]
[WhiteElo "2365"]
[BlackElo "2386"]
[Annotator "NA"]
[PlyCount "123"]
[EventDate "2018.11.25"]
[EventType "team-tourn"]
[EventCountry "TUR"]
[SourceTitle "playchess.com"]
[Source "ChessBase"]
[SourceQuality "1"]
[WhiteTeam "Russia"]
[BlackTeam "Armenia"]
[WhiteTeamCountry "RUS"]
[BlackTeamCountry "ARM"]

1. d4 Nf6 2. c4 c5 3. d5 e6 4. Nc3 exd5 5. cxd5 d6 6. e4 g6 7. Nf3 a6 8. a4 Bg4 9. Qb3 Bxf3 10. Qxb7 Nbd7 11. gxf3 Bg7 12. Qb3 O-O 13. Be2 Re8 14. Bf4 Ne5 15. Be3 Rb8 16. Qc2 c4 17. Kf1 Nh5 18. h4 Nd3 19. Bxd3 cxd3 20. Qxd3 Rxb2 21. Ne2 f5 22. Rc1 fxe4 23. fxe4 Qe7 24. f3 Rf8 25. Kg2 Qf6 26. Rh3 Rfb8 27. Kf2 Qd8 28. Rc2 Be5 29. f4 Qf6 30. Rxb2 Rxb2 31. Kf3 Rb8 32. Qd2 Rf8 33. Rh1 Kh8 34. Rh3 g5 35. hxg5 Qxg5 36. Qc1 Qg6 37. Qh1 Nf6 38. f5 Qg4+ 39. Kf2 Nxe4+ 40. Ke1 Qxf5 41. Rh5 Qg6 42. Rh6 Qf5 43. Rh5 Qf3 44. Rxh7+ Kg8 45. Rh3 Qxh1+ 46. Rxh1 Rb8 47. Kf1 Rb2 48. Rh4 Nf6 49. Bd4 Rb1+ 50. Kf2 Rd1 51. Bxe5 dxe5 52. Nc3 Rd3 53. Ne4 Nxd5 54. Nc5 Rd2+ 55. Ke1 Ra2 56. Re4 Nc3 57. Rxe5 Nxa4 58. Nxa6 Nb2 59. Nc5 Ra5 60. Rg5+ Kf7 61. Ke2 Na4 62. Ne4 1/2-1/2

[Event "World Youth U-16 Olympiad 2018"]
[Site "Konya"]
[Date "2018.12.02"]
[Round "9"]
[White "Galperin, Platon"]
[Black "Mitsis, Georgios"]
[Result "1-0"]
[WhiteElo "2363"]
[BlackElo "2296"]
[Annotator "NA"]
[PlyCount "91"]
[EventDate "2018.11.25"]
[EventType "team-tourn"]
[EventCountry "TUR"]
[SourceTitle "playchess.com"]
[Source "ChessBase"]
[SourceQuality "1"]
[WhiteTeam "Ukraine"]
[BlackTeam "Greece"]
[WhiteTeamCountry "UKR"]
[BlackTeamCountry "GRE"]

1. Nf3 Nf6 2. g3 d5 3. Bg2 e6 4. c4 dxc4 5. Qa4+ Nbd7 6. O-O c5 7. Qxc4 b6 8. Rd1 Bb7 9. d4 cxd4 10. Nxd4 Bxg2 11. Kxg2 Bc5 12. Nb3 Qe7 13. Bf4 O-O 14. Nc3 Rfc8 15. Qd3 h6 16. Nxc5 Nxc5 17. Qf3 e5 18. Be3 Rd8 19. Qf5 Nb7 20. Qf3 Rac8 21. g4 e4 22. Qf4 Qe6 23. h3 Nd5 24. Qxe4 Qxe4+ 25. Nxe4 Nxe3+ 26. fxe3 Rc2 27. Rxd8+ Nxd8 28. Rd1 Nc6 29. Rd2 Rc1 30. Nd6 Ne5 31. Nf5 Rc7 32. b3 Kh7 33. Kg3 g6 34. Nd4 Re7 35. Rc2 Kg7 36. Kf4 Kf6 37. Rc8 Rd7 38. Re8 Rd5 39. Ke4 Ra5 40. b4 Nc4 41. bxa5 Nd6+ 42. Kd5 Nxe8 43. axb6 axb6 44. Kc6 Ke5 45. Kxb6 Nf6 46. a4 1-0

[Event "World Youth U-16 Olympiad 2018"]
[Site "Konya"]
[Date "2018.12.02"]
[Round "9"]
[White "Harutyunyan, Ruben"]
[Black "Bekturov, Tamerlan"]
[Result "1/2-1/2"]
[WhiteElo "2360"]
[BlackElo "2261"]
[Annotator "NA"]
[PlyCount "98"]
[EventDate "2018.11.25"]
[EventType "team-tourn"]
[EventCountry "TUR"]
[SourceTitle "playchess.com"]
[Source "ChessBase"]
[SourceQuality "1"]
[WhiteTeam "France"]
[BlackTeam "Kazakhstan"]
[WhiteTeamCountry "FRA"]
[BlackTeamCountry "KAZ"]

1. e4 c6 2. d4 d5 3. Nc3 dxe4 4. Nxe4 Nd7 5. Bd3 Ngf6 6. Ng5 e6 7. N1f3 Bd6 8. Qe2 h6 9. Ne4 Nxe4 10. Qxe4 Nf6 11. Qh4 Rg8 12. Ne5 Bxe5 13. dxe5 Qa5+ 14. c3 Qxe5+ 15. Be3 Nd5 16. O-O-O Nxe3 17. fxe3 Rh8 18. Rd2 Bd7 19. Rhd1 g5 20. Qf2 O-O-O 21. Bc2 c5 22. Qxf7 Bc6 23. Bb3 Qxe3 24. Qxe6+ Qxe6 25. Bxe6+ Kc7 26. Bd5 Bxd5 27. Rxd5 Rxd5 28. Rxd5 Kc6 29. Rf5 Rd8 30. Kc2 Rd5 31. Rf7 a6 32. a4 b6 33. g4 c4 34. b3 b5 35. a5 Rd6 36. h3 Kd5 37. Rb7 Rf6 38. Kb2 Kc5 39. bxc4 bxc4 40. Kc2 Rf2+ 41. Kd1 Rf3 42. Rb6 Rxc3 43. Rxh6 Kb5 44. Rh5 Kb4 45. Rxg5 Rxh3 46. Re5 c3 47. Re8 Kxa5 48. Kc2 Rg3 49. Rb8 Ka4 1/2-1/2

[Event "World Youth U-16 Olympiad 2018"]
[Site "Konya"]
[Date "2018.12.02"]
[Round "9"]
[White "Ibrahimli, Murad"]
[Black "Srdanovic, Jovana"]
[Result "1-0"]
[WhiteElo "2356"]
[BlackElo "2183"]
[Annotator "NA"]
[PlyCount "113"]
[EventDate "2018.11.25"]
[EventType "team-tourn"]
[EventCountry "TUR"]
[SourceTitle "playchess.com"]
[Source "ChessBase"]
[SourceQuality "1"]
[WhiteTeam "Azerbaijan"]
[BlackTeam "Serbia"]
[WhiteTeamCountry "AZE"]
[BlackTeamCountry "SRB"]

1. d4 d5 2. Nf3 Nf6 3. c4 c6 4. Nc3 a6 5. e3 Bf5 6. Be2 h6 7. Bd3 Bxd3 8. Qxd3 e6 9. O-O Bb4 10. Bd2 O-O 11. Ne5 Ba5 12. b3 Nbd7 13. Nxd7 Nxd7 14. a4 Re8 15. Ne2 Bxd2 16. Qxd2 Qe7 17. Rab1 Rad8 18. Rfc1 Nf6 19. b4 dxc4 20. Rxc4 e5 21. Qb2 Qe6 22. Rc5 Nd7 23. Rcc1 Nb6 24. Qc2 Rc8 25. dxe5 Qxe5 26. Nd4 Qd5 27. a5 Nd7 28. Rd1 Nf6 29. Nf5 Qe4 30. Qxe4 Nxe4 31. Rd7 Rb8 32. f3 Nf6 33. Rd3 Re5 34. e4 g6 35. Nd6 Re6 36. Nc4 Kg7 37. Kf2 Rbe8 38. g4 R6e7 39. Rbd1 Rc8 40. Rb1 Rce8 41. h4 Nd7 42. Rd2 Ne5 43. Nd6 Rh8 44. Kg3 Rb8 45. h5 Rc7 46. f4 Nd7 47. hxg6 fxg6 48. e5 c5 49. Rc1 b6 50. axb6 Nxb6 51. Rxc5 Rxc5 52. bxc5 Nc8 53. c6 Ne7 54. c7 Rb3+ 55. Kg2 Rc3 56. f5 gxf5 57. gxf5 1-0

[Event "World Youth U-16 Olympiad 2018"]
[Site "Konya"]
[Date "2018.12.02"]
[Round "9"]
[White "Baenziger, Fabian"]
[Black "Kamer, Kayra"]
[Result "1/2-1/2"]
[WhiteElo "2347"]
[BlackElo "2379"]
[Annotator "NA"]
[PlyCount "147"]
[EventDate "2018.11.25"]
[EventType "team-tourn"]
[EventCountry "TUR"]
[SourceTitle "playchess.com"]
[Source "ChessBase"]
[SourceQuality "1"]
[WhiteTeam "Switzerland"]
[BlackTeam "Turkey"]
[WhiteTeamCountry "SUI"]
[BlackTeamCountry "TUR"]

1. e4 c5 2. Nf3 e6 3. d4 cxd4 4. Nxd4 a6 5. Nc3 Qc7 6. Bd3 Nf6 7. O-O Nc6 8. Nxc6 bxc6 9. Qf3 Bd6 10. Kh1 Bb7 11. Qe2 Be5 12. Bd2 d5 13. f4 Bxc3 14. Bxc3 dxe4 15. Bxe4 Nxe4 16. Qxe4 c5 17. Qe2 O-O-O 18. Qf2 Rd5 19. Rae1 Rhd8 20. Re5 Qc6 21. Rfe1 g6 22. h3 Rxe5 23. fxe5 Kb8 24. Kh2 Rd5 25. Re4 Rd7 26. Rc4 Rc7 27. Ba5 Rc8 28. Qd2 Qd5 29. Qxd5 Bxd5 30. Rf4 Bxa2 31. Rxf7 Bb1 32. Rf2 Kb7 33. Kg3 Kc6 34. Rd2 Kb5 35. Bc3 Rf8 36. Rd6 Re8 37. Rd2 Rf8 38. Rd7 Re8 39. Rxh7 Bxc2 40. Rf7 a5 41. Ra7 a4 42. Kh4 Kc4 43. Kg5 Rf8 44. g4 Rf3 45. h4 Rg3 46. Kf6 Rxg4 47. Kxe6 Rxh4 48. Kd6 Rd4+ 49. Bxd4 cxd4 50. e6 d3 51. Rc7+ Kb3 52. Rb7+ Kc4 53. e7 d2 54. e8=Q d1=Q+ 55. Kc7 Qd5 56. Qh8 Qa5+ 57. Kb8 Be4 58. Qc8+ Kd3 59. Qh3+ Ke2 60. Qh2+ Ke3 61. Qg3+ Ke2 62. Qh2+ Ke3 63. Qg1+ Ke2 64. Qg4+ Ke3 65. Qh3+ Ke2 66. Qg4+ Ke3 67. Qg3+ Ke2 68. Qg4+ Ke3 69. Qg1+ Ke2 70. Rd7 Qe5+ 71. Ka7 Qa5+ 72. Kb8 Qe5+ 73. Ka7 Qa5+ 74. Kb8 1/2-1/2

[Event "World Youth U-16 Olympiad 2018"]
[Site "Konya"]
[Date "2018.12.02"]
[Round "9"]
[White "Nogerbek, Kazybek"]
[Black "Degraeve, Remy"]
[Result "1/2-1/2"]
[WhiteElo "2346"]
[BlackElo "2384"]
[Annotator "ChessBase"]
[PlyCount "224"]
[EventDate "2018.11.25"]
[EventType "team-tourn"]
[EventCountry "TUR"]
[SourceTitle "playchess.com"]
[Source "ChessBase"]
[SourceQuality "1"]
[WhiteTeam "Kazakhstan"]
[BlackTeam "France"]
[WhiteTeamCountry "KAZ"]
[BlackTeamCountry "FRA"]

1. e4 e5 2. Nf3 Nc6 3. Bb5 a6 4. Ba4 Nf6 5. O-O Be7 6. Re1 b5 7. Bb3 d6 8. c3 O-O 9. h3 Nb8 10. d4 Nbd7 11. Nbd2 Bb7 12. Bc2 Re8 13. Nf1 Bf8 14. Ng3 g6 15. Bg5 h6 16. Bd2 Bg7 17. a4 Nb6 18. b3 bxa4 19. bxa4 a5 20. Bd3 Qc8 21. dxe5 dxe5 22. Qe2 Ba6 23. Be3 Bxd3 24. Qxd3 Qd7 25. Qxd7 Nfxd7 26. Nd2 Bf8 27. Reb1 Re6 28. Rb5 h5 29. Ngf1 f6 30. Bxb6 Nxb6 31. Ne3 Rc6 32. Nd5 Kf7 33. c4 Ra6 34. Nb3 Nxc4 35. Rc1 Nd6 36. Rbc5 Rxc5 37. Nxc5 Rc6 38. Rc3 Nb5 39. axb5 Rxc5 40. Rf3 Be7 41. g4 hxg4 42. hxg4 g5 43. Rh3 Bf8 44. Rf3 Bg7 45. Ra3 Rxb5 46. Nxc7 Rc5 47. Nd5 Ke6 48. Kf1 Bf8 49. Ra2 Rc4 50. Rxa5 Rxe4 51. Ne3 Kf7 52. Ke2 Kg6 53. f3 Rf4 54. Ra6 e4 55. fxe4 Rxe4 56. Rc6 Ba3 57. Kd3 Ra4 58. Rc4 Ra7 59. Nf5 Bb2 60. Ke4 Kf7 61. Rb4 Be5 62. Rc4 Ke6 63. Rc6+ Kd7 64. Rc4 Ra1 65. Kf3 Ra3+ 66. Ke4 Rb3 67. Nh6 Rh3 68. Nf5 Rh1 69. Kd5 Rd1+ 70. Ke4 Rg1 71. Kf3 Ke6 72. Ra4 Rf1+ 73. Ke2 Rg1 74. Kf3 Bc3 75. Rc4 Bb2 76. Rb4 Be5 77. Ra4 Rb1 78. Rc4 Ra1 79. Rb4 Kd5 80. Ne3+ Kd6 81. Rc4 Bf4 82. Nf5+ Kd5 83. Rd4+ Ke6 84. Rb4 Ra6 85. Ke4 Be5 86. Rc4 Ra1 87. Rc6+ Kd7 88. Rc4 Rf1 89. Ke3 Ke6 90. Rc6+ Kd7 91. Rc4 Ke6 92. Rc6+ Kf7 93. Rc4 Ra1 94. Ke4 Bf4 95. Rb4 Re1+ 96. Kf3 Be5 97. Ra4 Bc3 98. Rc4 Ba5 99. Re4 Rf1+ 100. Ke2 Rc1 101. Re7+ Kf8 102. Re4 Rc3 103. Re3 Rc4 104. Re8+ Kxe8 105. Nd6+ Ke7 106. Nxc4 Bc7 107. Kf3 Ke6 108. Ke4 Be5 109. Ne3 Bf4 110. Nf5 Be5 111. Ne3 Bf4 112. Nf5 Be5 1/2-1/2

[Event "World Youth U-16 Olympiad 2018"]
[Site "Konya"]
[Date "2018.12.02"]
[Round "9"]
[White "Jakab, Bela"]
[Black "Martins, Bruno Andre Leite"]
[Result "1/2-1/2"]
[WhiteElo "2320"]
[BlackElo "2205"]
[Annotator "NA"]
[PlyCount "88"]
[EventDate "2018.11.25"]
[EventType "team-tourn"]
[EventCountry "TUR"]
[SourceTitle "playchess.com"]
[Source "ChessBase"]
[SourceQuality "1"]
[WhiteTeam "Slovakia"]
[BlackTeam "Portugal"]
[WhiteTeamCountry "SVK"]
[BlackTeamCountry "POR"]

1. e4 c6 2. d4 d5 3. Nc3 dxe4 4. Nxe4 Nf6 5. Nxf6+ exf6 6. c3 Bd6 7. Bd3 O-O 8. Qc2 Re8+ 9. Ne2 f5 10. Bxf5 Bxf5 11. Qxf5 Nd7 12. Be3 Nb6 13. O-O Nc4 14. Ng3 g6 15. Qf3 Bxg3 16. hxg3 Nxe3 17. fxe3 f5 18. Rae1 Re4 19. g4 Rxg4 20. e4 Qg5 21. e5 Re8 22. Re2 h5 23. d5 Rg3 24. Qf4 cxd5 25. Qd4 Re7 26. Qxd5+ Kh7 27. Qd4 h4 28. Rf4 Rg4 29. Rxg4 Qxg4 30. Re3 f4 31. Rf3 g5 32. Qe4+ Kg7 33. Rd3 Qe6 34. Rd5 h3 35. Qd3 Qg4 36. Qxh3 Qxh3 37. gxh3 Kg6 38. Kf2 Kf5 39. e6+ Kf6 40. h4 gxh4 41. Rh5 Kxe6 42. Rxh4 Kf5 43. Rh8 Ke4 44. Ke2 Ke5 1/2-1/2

[Event "World Youth U-16 Olympiad 2018"]
[Site "Konya"]
[Date "2018.12.02"]
[Round "9"]
[White "Pajeken, Jakob Leon"]
[Black "Hercog, Nusa"]
[Result "1/2-1/2"]
[WhiteElo "2320"]
[BlackElo "2045"]
[Annotator "NA"]
[PlyCount "131"]
[EventDate "2018.11.25"]
[EventType "team-tourn"]
[EventCountry "TUR"]
[SourceTitle "playchess.com"]
[Source "ChessBase"]
[SourceQuality "1"]
[WhiteTeam "Germany"]
[BlackTeam "Slovenia"]
[WhiteTeamCountry "GER"]
[BlackTeamCountry "SLO"]

1. d4 d5 2. Bf4 Nf6 3. e3 c5 4. Nf3 Nc6 5. Nbd2 Qb6 6. dxc5 Qxb2 7. Rb1 Qc3 8. Bb5 e6 9. O-O Be7 10. Nd4 Bd7 11. N2b3 O-O 12. a4 Ne4 13. Bd3 Nxd4 14. exd4 Bxa4 15. Be3 Bg5 16. Re1 Bxe3 17. Rxe3 Qb4 18. Bxe4 dxe4 19. Rxe4 Bc6 20. Nd2 Qa5 21. Re3 Qd8 22. c3 Qd5 23. Qf1 f6 24. Nc4 e5 25. dxe5 Qxc5 26. exf6 Bb5 27. f7+ Rxf7 28. Re5 Bxc4 29. Rxc5 Bxf1 30. Kxf1 b6 31. Rc6 Re7 32. Rd1 Rae8 33. g3 Rf8 34. Rd2 Rfe8 35. Ra2 Rd7 36. Kg2 Kf7 37. Rc4 Kg8 38. h4 Kf7 39. g4 Kg8 40. h5 Kf7 41. Kg3 Kg8 42. f3 Kf7 43. Kf2 Kg8 44. Kg2 Kf7 45. Kg3 Kg8 46. Rc6 Kf7 47. h6 g6 48. Ra4 Kg8 49. Rb4 Kf7 50. Rbc4 Kf8 51. g5 Kf7 52. Kg4 Kf8 53. f4 Kf7 54. Rf6+ Kg8 55. f5 gxf5+ 56. Rxf5 Rde7 57. Rc6 Re4+ 58. Rf4 R4e7 59. Rcf6 Rc7 60. Ra4 Rce7 61. Kh5 Rc7 62. Rf3 Rd7 63. Kg4 Rc7 64. Rf2 Rd7 65. Rc4 Rde7 66. Rff4 1/2-1/2

[Event "World Youth U-16 Olympiad 2018"]
[Site "Konya"]
[Date "2018.12.02"]
[Round "9"]
[White "Oboladze, Luka"]
[Black "Piyumantha, M Sasith Nipun"]
[Result "1/2-1/2"]
[WhiteElo "2318"]
[BlackElo "2167"]
[Annotator "ChessBase"]
[PlyCount "91"]
[EventDate "2018.11.25"]
[EventType "team-tourn"]
[EventCountry "TUR"]
[SourceTitle "playchess.com"]
[Source "ChessBase"]
[SourceQuality "1"]
[WhiteTeam "Georgia"]
[BlackTeam "Sri Lanka"]
[WhiteTeamCountry "GEO"]
[BlackTeamCountry "SRI"]

1. Nf3 c5 2. c4 Nf6 3. Nc3 d5 4. cxd5 Nxd5 5. e3 Nc6 6. Bb5 e6 7. Ne5 Bd7 8. Bxc6 Bxc6 9. Nxc6 bxc6 10. O-O Be7 11. Na4 O-O 12. b3 Nb6 13. Nb2 Bf6 14. Qc2 Qd5 15. Rb1 Rfd8 16. Rd1 Bxb2 17. Bxb2 c4 18. Bc3 cxb3 19. axb3 Qd3 20. Rdc1 Qxc2 21. Rxc2 c5 22. Ba5 Rac8 23. Rbc1 Rd3 24. b4 c4 25. Bxb6 axb6 26. Rxc4 Rxc4 27. Rxc4 Kf8 28. f3 Rxd2 29. Rc6 b5 30. Rb6 Rd5 31. e4 Re5 32. Kf2 f5 33. Ke3 fxe4 34. f4 Rd5 35. Rb7 e5 36. f5 Rd3+ 37. Ke2 Rd5 38. g4 e3 39. h3 h5 40. g5 e4 41. f6 Rxg5 42. fxg7+ Rxg7 43. Rxb5 Rg2+ 44. Kxe3 Rg3+ 45. Kxe4 Rxh3 46. Rf5+ 1/2-1/2

[Event "World Youth U-16 Olympiad 2018"]
[Site "Konya"]
[Date "2018.12.02"]
[Round "9"]
[White "Veiga, Jose Francisco R P "]
[Black "Sahidi, Samir"]
[Result "0-1"]
[WhiteElo "2302"]
[BlackElo "2298"]
[Annotator "NA"]
[PlyCount "168"]
[EventDate "2018.11.25"]
[EventType "team-tourn"]
[EventCountry "TUR"]
[SourceTitle "playchess.com"]
[Source "ChessBase"]
[SourceQuality "1"]
[WhiteTeam "Portugal"]
[BlackTeam "Slovakia"]
[WhiteTeamCountry "POR"]
[BlackTeamCountry "SVK"]

1. e4 c5 2. Nf3 e6 3. d4 cxd4 4. Nxd4 a6 5. Bd3 Nc6 6. Nxc6 dxc6 7. Be3 Nf6 8. O-O e5 9. h3 Be6 10. Nd2 Bb4 11. Qf3 O-O 12. Nc4 Nd7 13. a3 Be7 14. b4 Qc7 15. Bd2 Rfd8 16. Ne3 Nf6 17. Nf5 Bxf5 18. Qxf5 g6 19. Qf3 Nh5 20. Rfd1 b5 21. a4 Nf4 22. Bf1 Ne6 23. c3 Kg7 24. g3 Bg5 25. Be1 Rxd1 26. Qxd1 Rd8 27. Qe2 a5 28. axb5 axb4 29. Qc4 Rc8 30. Qxb4 cxb5 31. Qxb5 h5 32. h4 Bf6 33. Bh3 Rb8 34. Qe2 Nc5 35. Qc4 Qb6 36. Bd2 Qb5 37. Qxb5 Rxb5 38. Bg2 Bd8 39. Be3 Bb6 40. Rd1 Na4 41. Bf1 Rb3 42. Bxb6 Rxb6 43. c4 Kf6 44. f4 Nc5 45. fxe5+ Ke7 46. Kf2 Rb3 47. Bg2 Rc3 48. Rd5 Rxc4 49. Ke3 Rc3+ 50. Kd4 Rxg3 51. Rxc5 Rxg2 52. Rc7+ Ke6 53. Rc6+ Kd7 54. Ra6 Rd2+ 55. Ke3 Rh2 56. Rf6 Ke7 57. Rf4 Rh3+ 58. Kf2 Ke6 59. Rf6+ Kxe5 60. Rxf7 Rxh4 61. Re7+ Kf6 62. Re8 Kf7 63. Re5 Rh3 64. Ra5 Rb3 65. Ra6 Kg7 66. e5 Kh6 67. e6 Kg5 68. e7 Rb8 69. Ra7 Re8 70. Kg3 Kf6 71. Ra6+ Kf7 72. Kf4 Rxe7 73. Kg5 Re5+ 74. Kh6 h4 75. Ra7+ Kf6 76. Ra6+ Kf5 77. Ra3 g5 78. Kh5 Kf4 79. Ra4+ Kf3 80. Ra3+ Re3 81. Ra1 h3 82. Kxg5 h2 83. Kh4 Kf2 84. Ra2+ Re2 0-1

[Event "World Youth U-16 Olympiad 2018"]
[Site "Konya"]
[Date "2018.12.02"]
[Round "9"]
[White "Katopodis, Dimitrios"]
[Black "Berdnyk, Mariia"]
[Result "1/2-1/2"]
[WhiteElo "2296"]
[BlackElo "2248"]
[Annotator "NA"]
[PlyCount "64"]
[EventDate "2018.11.25"]
[EventType "team-tourn"]
[EventCountry "TUR"]
[SourceTitle "playchess.com"]
[Source "ChessBase"]
[SourceQuality "1"]
[WhiteTeam "Greece"]
[BlackTeam "Ukraine"]
[WhiteTeamCountry "GRE"]
[BlackTeamCountry "UKR"]

1. d4 Nf6 2. Nf3 g6 3. c4 Bg7 4. Nc3 d6 5. e4 O-O 6. h3 e5 7. d5 a5 8. Bg5 Na6 9. g4 Nc5 10. Nd2 c6 11. Qc2 Bd7 12. Be2 Rc8 13. Nb3 Na6 14. Qd1 h6 15. Be3 cxd5 16. cxd5 Rxc3 17. bxc3 Nxe4 18. Bxa6 bxa6 19. Qd3 f5 20. Qxa6 a4 21. Nd2 Nxc3 22. Qxd6 e4 23. Rc1 Kh7 24. Nc4 Bb5 25. gxf5 gxf5 26. Rg1 Qf6 27. Qb4 Nxa2 28. Qxb5 Nxc1 29. Bxc1 Qc3+ 30. Kd1 Qf3+ 31. Ke1 Qc3+ 32. Kd1 Qf3+ 1/2-1/2

[Event "World Youth U-16 Olympiad 2018"]
[Site "Konya"]
[Date "2018.12.02"]
[Round "9"]
[White "Wang, Yanbin"]
[Black "Yakubboev, Nodirbek"]
[Result "0-1"]
[WhiteElo "2296"]
[BlackElo "2556"]
[Annotator "TA"]
[PlyCount "116"]
[EventDate "2018.11.25"]
[EventType "team-tourn"]
[EventCountry "TUR"]
[SourceTitle "playchess.com"]
[Source "ChessBase"]
[SourceQuality "1"]
[WhiteTeam "China"]
[BlackTeam "Uzbekistan"]
[WhiteTeamCountry "CHN"]
[BlackTeamCountry "UZB"]

1. d4 Nf6 2. c4 e6 3. Nf3 b6 4. g3 Bb4+ 5. Bd2 a5 6. Bg2 Bb7 7. O-O O-O 8. Bg5 Be7 9. Nc3 h6 10. Bxf6 Bxf6 11. e4 d6 12. e5 dxe5 13. dxe5 Be7 14. Qe2 a4 15. Rad1 Qc8 16. Nd4 Bxg2 17. Kxg2 Qb7+ 18. Qe4 Qxe4+ 19. Nxe4 Rd8 20. f4 Kf8 21. f5 exf5 22. Rxf5 Kg8 23. Nc3 c6 24. Rff1 Bc5 25. Nf3 Nd7 26. Rd3 a3 27. b3 Nf8 28. Rfd1 Rxd3 29. Rxd3 Ne6 30. Na4 b5 31. cxb5 cxb5 32. Nc3 b4 33. Nd5 Rc8 34. Nd2 Kf8 35. Nc4 Rd8 36. Kf1 Nd4 37. Nf4 Ke7 38. Ke1 g5 39. Ne2 Ke6 40. g4 Rd5 41. Ng3 Nc6 42. Kd2 Nxe5 43. Nxe5 Kxe5 44. Rxd5+ Kxd5 45. Nf5 Bf8 46. Ke3 Ke5 47. h3 h5 48. Kf3 hxg4+ 49. hxg4 Bc5 50. Ke2 Kf4 51. Nh6 f6 52. Kd3 Bf8 53. Nf5 Kxg4 54. Ke4 Kh3 55. Kf3 g4+ 56. Kf4 Bc5 57. Nh6 g3 58. Ng4 g2 0-1

[Event "World Youth U-16 Olympiad 2018"]
[Site "Konya"]
[Date "2018.12.02"]
[Round "9"]
[White "Pour Agha Bala, Amirreza"]
[Black "Iniyan, P."]
[Result "1/2-1/2"]
[WhiteElo "2293"]
[BlackElo "2462"]
[Annotator "TA"]
[PlyCount "72"]
[EventDate "2018.11.25"]
[EventType "team-tourn"]
[EventCountry "TUR"]
[SourceTitle "playchess.com"]
[Source "ChessBase"]
[SourceQuality "1"]
[WhiteTeam "IRI"]
[BlackTeam "IND"]
[WhiteTeamCountry "IRI"]

1. d4 Nf6 2. c4 g6 3. Nc3 Bg7 4. e4 d6 5. Be2 O-O 6. Nf3 e5 7. d5 a5 8. Be3 Ng4 9. Bg5 f6 10. Bh4 Na6 11. Nd2 Nh6 12. f3 g5 13. Bf2 f5 14. exf5 Nxf5 15. Nde4 Nd4 16. Nb5 Nc5 17. O-O Bf5 18. Nxc5 dxc5 19. Nc3 c6 20. Bd3 Bxd3 21. Qxd3 b5 22. Rad1 b4 23. Ne4 cxd5 24. cxd5 Qxd5 25. b3 Rad8 26. Nxg5 e4 27. Nxe4 a4 28. Qa6 axb3 29. axb3 Qxb3 30. Nxc5 Qc2 31. Bxd4 Bxd4+ 32. Rxd4 Rxd4 33. Qe6+ Rf7 34. Qe8+ Rf8 35. Qe6+ Rf7 36. Qe8+ Rf8 1/2-1/2

[Event "World Youth U-16 Olympiad 2018"]
[Site "Konya"]
[Date "2018.12.02"]
[Round "9"]
[White "Milosevic, Milos"]
[Black "Garayev, Kanan"]
[Result "1/2-1/2"]
[WhiteElo "2286"]
[BlackElo "2406"]
[Annotator "ChessBase"]
[PlyCount "67"]
[EventDate "2018.11.25"]
[EventType "team-tourn"]
[EventCountry "TUR"]
[SourceTitle "playchess.com"]
[Source "ChessBase"]
[SourceQuality "1"]
[WhiteTeam "Serbia"]
[BlackTeam "Azerbaijan"]
[WhiteTeamCountry "SRB"]
[BlackTeamCountry "AZE"]

1. d4 Nf6 2. Nf3 d5 3. c4 e6 4. Nc3 a6 5. cxd5 exd5 6. Bg5 Be6 7. e3 Nbd7 8. Be2 Bd6 9. O-O h6 10. Bh4 c6 11. Qc2 O-O 12. Rab1 a5 13. a3 Qe7 14. Bd3 g5 15. Bg3 Bxg3 16. hxg3 Qd6 17. Rfc1 Kg7 18. Na4 Bg4 19. Nc5 Bxf3 20. gxf3 Nxc5 21. dxc5 Qe7 22. b4 axb4 23. axb4 Nd7 24. f4 Qf6 25. Kg2 d4 26. fxg5 hxg5 27. exd4 Qxd4 28. Qc3 Qxc3 29. Rxc3 Ne5 30. Be2 Ra2 31. Re3 f6 32. Rd1 Rb2 33. Re4 Rf7 34. Kf1 1/2-1/2

[Event "World Youth U-16 Olympiad 2018"]
[Site "Konya"]
[Date "2018.12.02"]
[Round "9"]
[White "Amon, Nejc"]
[Black "Sade, Defne"]
[Result "0-1"]
[WhiteElo "2281"]
[BlackElo "1888"]
[Annotator "NA"]
[PlyCount "88"]
[EventDate "2018.11.25"]
[EventType "team-tourn"]
[EventCountry "TUR"]
[SourceTitle "playchess.com"]
[Source "ChessBase"]
[SourceQuality "1"]
[WhiteTeam "Slovenia"]
[BlackTeam "Turkey"]
[WhiteTeamCountry "SLO"]
[BlackTeamCountry "TUR"]

1. e4 e5 2. Nf3 Nc6 3. d4 exd4 4. Nxd4 Bb4+ 5. c3 Bc5 6. Nxc6 bxc6 7. Bd3 Nf6 8. e5 Nd5 9. Qg4 Bf8 10. O-O h5 11. Qf3 Be7 12. Be4 Bg5 13. c4 Bxc1 14. Rxc1 Qg5 15. Re1 Ne7 16. Nc3 Rb8 17. b3 O-O 18. Rad1 h4 19. Bc2 Ng6 20. Bxg6 fxg6 21. Qe3 Qf5 22. h3 Bb7 23. Rd2 Rbe8 24. Qe4 d6 25. Qxf5 Rxf5 26. Re4 Rexe5 27. Rxh4 Re1+ 28. Kh2 Rfe5 29. Rg4 Kh7 30. Rg3 Bc8 31. Rgd3 Bf5 32. Rd4 Re7 33. c5 d5 34. Ra4 g5 35. Rxa7 Rc1 36. Na4 d4 37. Rxd4 Rc2 38. h4 Rxf2 39. Nc3 Rc2 40. Nd1 Ree2 41. hxg5 Rxg2+ 42. Kh1 Rh2+ 43. Kg1 Rhg2+ 44. Kh1 Rge2 0-1

[Event "World Youth U-16 Olympiad 2018"]
[Site "Konya"]
[Date "2018.12.02"]
[Round "9"]
[White "Isanzhulov, Arystan"]
[Black "Boyer, Mahel"]
[Result "1-0"]
[WhiteElo "2271"]
[BlackElo "2226"]
[Annotator "NA"]
[PlyCount "85"]
[EventDate "2018.11.25"]
[EventType "team-tourn"]
[EventCountry "TUR"]
[SourceTitle "playchess.com"]
[Source "ChessBase"]
[SourceQuality "1"]
[WhiteTeam "Kazakhstan"]
[BlackTeam "France"]
[WhiteTeamCountry "KAZ"]
[BlackTeamCountry "FRA"]

1. e4 e6 2. d4 d5 3. Nc3 Nf6 4. e5 Nfd7 5. f4 c5 6. Nf3 Nc6 7. Be3 Be7 8. Qd2 O-O 9. dxc5 Bxc5 10. Bxc5 Nxc5 11. O-O-O Qa5 12. Kb1 Bd7 13. Nd4 Rab8 14. Nb3 Nxb3 15. cxb3 Qb4 16. Bd3 b5 17. Bc2 a5 18. a3 Qe7 19. Qd3 g6 20. Ne2 b4 21. a4 Bc8 22. Qe3 Ba6 23. Bd3 Bxd3+ 24. Qxd3 Rfc8 25. h4 Nd8 26. h5 Nb7 27. hxg6 fxg6 28. Rh6 Nc5 29. Qh3 Rc7 30. Nd4 Qf7 31. Rh1 Rd7 32. Rc1 Rc8 33. Nxe6 Qxe6 34. Qxe6+ Nxe6 35. Rxc8+ Kg7 36. Rh4 d4 37. Rc6 d3 38. Rd6 Rxd6 39. exd6 Nc5 40. f5 gxf5 41. Rd4 Nd7 42. Rxd3 Kf6 43. Rd5 1-0

[Event "World Youth U-16 Olympiad 2018"]
[Site "Konya"]
[Date "2018.12.02"]
[Round "9"]
[White "Tanriverdi, Enes"]
[Black "Olsen, Filip Boe"]
[Result "0-1"]
[WhiteElo "2265"]
[BlackElo "2343"]
[Annotator "NA"]
[PlyCount "56"]
[EventDate "2018.11.25"]
[EventType "team-tourn"]
[EventCountry "TUR"]
[SourceTitle "playchess.com"]
[Source "ChessBase"]
[SourceQuality "1"]
[WhiteTeam "Turkey"]
[BlackTeam "Denmark"]
[WhiteTeamCountry "TUR"]
[BlackTeamCountry "DEN"]

1. d4 Nf6 2. c4 e6 3. Nf3 d5 4. Nc3 c6 5. e3 Nbd7 6. Qc2 Bd6 7. Bd3 O-O 8. O-O e5 9. cxd5 cxd5 10. e4 exd4 11. Nxd5 Nxd5 12. exd5 h6 13. Nxd4 Qh4 14. f4 Nf6 15. Nb5 Bb4 16. Nc7 Rb8 17. Bd2 Bxd2 18. Qxd2 Rd8 19. Rfe1 b6 20. d6 Bb7 21. Rad1 Rxd6 22. Bh7+ Kh8 23. Qxd6 Ng4 24. Nd5 Qxh2+ 25. Kf1 Ba6+ 26. Rd3 Kxh7 27. Nb4 Qh1+ 28. Ke2 Re8+ 0-1